| 000 | 00713nam a22002057a 4500 | ||
|---|---|---|---|
| 003 | 0 | ||
| 005 | 20240604104044.0 | ||
| 008 | 240604b xxu||||| |||| 00| 0 eng d | ||
| 020 | _a9786210427509 | ||
| 050 |
_aG 155 _b.B33 2021 |
||
| 100 | _aBadilla, Maria Criselda Gatchalian G. | ||
| 245 |
_aTourism and hospitality marketing _cMaria Criselda G. Gatchalian-Badilla |
||
| 250 | _aRevised edition | ||
| 260 |
_aManila _bRex Book Store _c2021 |
||
| 300 |
_axii, 225 pages : _bblack and white illustrations ; _c26cm. |
||
| 504 | _aIncludes bibliographical references and index. | ||
| 650 | _aTourism--Philippines--Marketing. | ||
| 650 | _aHospitality industry--Philippines--Marketing. | ||
| 942 |
_2lcc _cBK |
||
| 999 |
_c366009 _d366009 |
||